Les Chefs d'États d'Afrique - Statistiques

Statistiques générales
  • Ce quiz a été pris 8 fois
  • Le résultat moyen est 12 sur 54
Statistiques - réponses
Pays Depuis Titre Chefs d'État % Correct
Algérie 2019 Président Abdelmadjid Tebboune
80%
Maroc 1999 Roi Mohammed VI
80%
Égypte 2014 Président Abdel Fattah al-Sissi
60%
Sénégal 2024 Président Baassirou Diomaye Faye
60%
Afrique du Sud 2018 Président Cyril Ramaphosa
60%
République Démocratique du Congo 2019 Président Félix Tshisekedi
60%
Burkina Faso 2022 Président Ibrahim Traoré
60%
Tunisie 2019 Président Kaïs Saïed
60%
Cameroun 1982 Président Paul Biya
60%
Rwanda 2000 Président Paul Kagame
60%
Soudan 2021 Président du Conseil Abdel Fattah al-Burhan
40%
Niger 2023 Président Abdourahamane Tiani
40%
Côte d'Ivoire 2011 Président Alassane Ouattara
40%
Mali 2021 Président Assimi Goïta
40%
Érythrée 1993 Président Isaias Afwerki
40%
Tchad 2021 Président Mahamat Idriss Déby
40%
Bénin 2016 Président Patrice Talon
40%
Gabon 2023 Président Brice Clotaire Oligui Nguema
20%
République du Congo 1997 Président Denis Sassou-Nguesso
20%
Burundi 2020 Président Évariste Ndayishimiye
20%
République centrafricaine 2016 Président Faustin-Archange Touadéra
20%
Somalie 2022 Président Hassan Sheikh Mohamoud
20%
Djibouti 1999 Président Ismaïl Omar Guelleh
20%
Guinée 2021 Président Mamadi Doumbouya
20%
Eswatini 1986 Roi Mswati III
20%
Soudan du Sud 2011 Président Salva Kiir
20%
Tanzanie 2021 Présidente Samia Suluhu Hassan
20%
Kenya 2022 Président William Ruto
20%
Ouganda 1986 Président Yoweri Museveni
20%
Gambie 2017 Président Adama Barrow
0%
Comores 2019 Président Azali Assoumani
0%
Nigeria 2023 Président Bola Tinubu
0%
Sao-Tomé-et-Principe 2021 Président Carlos Vila Nova
0%
Mozambique 2025 Président Daniel Chapo
0%
Maurice 2024 Président Dharam Gokhool
0%
Botswana 2024 Président Duma Boko
0%
Zimbabwe 2017 Président Emmerson Mnangagwa
0%
Zambie 2021 Président Hakainde Hichilema
0%
Guinée-Bissau 2025 Président Horta Inta-A Na Man
0%
Togo 2025 Président Jean-Lucien Savi de Tové
0%
Angola 2017 Président João Lourenço
0%
Ghana 2025 Président John Dramani Mahama
0%
Cap-Vert 2021 Président José Maria Neves
0%
Liberia 2024 Président Joseph Boakai
0%
Sierra Leone 2018 Président Julius Maada Bio
0%
Lesotho 1996 Roi Letsie III
0%
Madagascar 2025 Chef de l'État Michaël Randrianirina
0%
Mauritanie 2019 Président Mohamed Ould Ghazouani
0%
Libye 2021 Président du Conseil Mohammed el-Menfi
0%
Namibie 2025 Présidente Netumbo Nandi-Ndaitwah
0%
Seychelles 2025 Président Patrick Herminie
0%
Malawi 2025 Président Peter Mutharika
0%
Éthiopie 2024 Président Taye Atske Sélassié
0%
Guinée équatoriale 1979 Président Teodoro Obiang Nguema Mbasogo
0%
Aucun quiz correspondant
Distribution des résultats
% des personnes avec chaque résultat
Percentile par nombre de réponses
Votre historique - résultats
Vous n’avez pas pris ce quiz